Ιδιωματικά ονόματα φυτών και φυτώνυμα τοπωνύμια της Ρόδου : ανάπτυξη και σχεδιασμός περιβαλλοντικού προγράμματος με τη συμβουλή της μεθόδου project : διπλωματική εργασία
Αποθηκεύτηκε σε:
| Κύριος συγγραφέας: | |
|---|---|
| Άλλοι συγγραφείς: | , |
| Μορφή: | Thesis Βιβλίο |
| Γλώσσα: | Greek |
| Δημοσίευση: |
Ρόδος :
|
| Θέματα: | |
| Ετικέτες: |
Προσθήκη ετικέτας
Δεν υπάρχουν, Καταχωρήστε ετικέτα πρώτοι!
|
MARC
| LEADER | 00000cam a2200000 i 4500 | ||
|---|---|---|---|
| 001 | 1/30398 | ||
| 008 | 060529s2006 gr ||| | gre|| | ||
| 035 | |l 10084139 | ||
| 040 | |a GR-MY-UA |b gre |e aacr | ||
| 041 | 0 | |a gre | |
| 082 | 7 | |a 910.30949587 |2 (22) | |
| 100 | 1 | |a Παπαβασιλείου, Βασίλειος Φ. | |
| 245 | 1 | 0 | |a Ιδιωματικά ονόματα φυτών και φυτώνυμα τοπωνύμια της Ρόδου : |b ανάπτυξη και σχεδιασμός περιβαλλοντικού προγράμματος με τη συμβουλή της μεθόδου project : διπλωματική εργασία / |c Παπαβασιλείου Βασίλης ; εποπτεύουσα: Καϊλα Μαρία ; μέλη: Ξανθάκου Γιώτα, Αναστασάτος Νίκος. |
| 260 | |a Ρόδος : | ||
| 300 | |a 287 σ. : |b εγχρ. εικον., διαγρ. ; |c 30 εκ. | ||
| 502 | |a Διατριβή (μεταπτυχιακή) – Πανεπιστήμιο Αιγαίου, Ρόδος, 2006. | ||
| 504 | |a Περιέχει παράρτημα. | ||
| 610 | 2 | 0 | |a University of the Aegean |x Dissertations. |
| 650 | 0 | 0 | |a Dissertations, Academic. |
| 650 | 0 | 0 | |a Names, Geographical |z Greece |z Rhodes (Island) |
| 650 | 0 | |a Toponymy |z Greece |z Rhodes (Island) | |
| 700 | 1 | |a Ξανθάκου, Γιώτα Π. |e dgsf | |
| 700 | 1 | |a Καΐλα, Μαρία Α. |e dgsf | |
| 852 | |a INST |b RHODES |c DIATR |e 20060529 |h 910.30949587 ΠΑΠ |p 005400020733 |q 005400020733 |t MTXE |y 23 | ||
| 852 | |a INST |b RHODES |c DIATR |e 20060529 |h 910.30949587 ΠΑΠ |p 005400020734 |q 005400020734 |t MTXE |y 23 | ||
| 901 | |a BIBL4-2006-2 | ||
| 909 | |a Ρ |b 123696 | ||
| 909 | |a Ρ |b 123697 | ||
| 924 | |a ΠΑΠΑΒΑΣΙΛΕΙΟΥ |b ΒΑΣΙΛΕΙΟΣ Φ. |y Ρόδος |z 2006-05 | ||
| 970 | |a ΣΙΔΕΡΗ |b ΝΕΚΤΑΡΙΑ |z 2006/05/29 | ||